Entry Personal Name
Number of records used in: 1
001 - CONTROL NUMBER
003 - CONTROL NUMBER IDENTIFIER
005 - DATE AND TIME OF LATEST TRANSACTION
- control field:
20221114120747.0
008 - FIXED-LENGTH DATA ELEMENTS
- fixed length control field:
010514n| acannaabn |n aaa
010 ## - LIBRARY OF CONGRESS CONTROL NUMBER
- LC control number:
nb2001034257
040 ## - CATALOGING SOURCE
- Original cataloging agency:
Uk
- Language of cataloging:
eng
- Transcribing agency:
Uk
100 10 - HEADING--PERSONAL NAME
- Personal name:
Bloch, Joshua
670 ## - SOURCE DATA FOUND
- Source citation:
Effective Java, c2001:
- Information found:
t.p. (Joshua Bloch)